Vista normal
Vista MARC
Entrada Personal Name
Número de registros utilizados en: 1
001 - CONTROL NUMBER
- control field: 37664
003 - CONTROL NUMBER IDENTIFIER
- control field: OSt
005 - DATE AND TIME OF LATEST TRANSACTION
- control field: 20210518112826.0
008 - FIXED-LENGTH DATA ELEMENTS
- fixed length control field: 210518|| aca||aabn | a|a d
040 ## - CATALOGING SOURCE
- Original cataloging agency: OSt
- Transcribing agency: OSt
100 ## - HEADING--PERSONAL NAME
- Personal name: Lovejoy, Wallace F.
670 ## - SOURCE DATA FOUND
- Source citation: Work cat.: (OSt)7769: Garfield, Paul J., 15403 autor, Public utility economics / , © 1964